Normal view
MARC view
Entry Topical Term
001 - CONTROL NUMBER
- control field: 16734
003 - CONTROL NUMBER IDENTIFIER
- control field: OSt
005 - DATE AND TIME OF LATEST TRANSACTION
- control field: 20211105134055.0
008 - FIXED-LENGTH DATA ELEMENTS
- fixed length control field: 211105|| aca||aabn | a|a d
040 ## - CATALOGING SOURCE
- Original cataloging agency: OSt
- Transcribing agency: OSt
150 ## - HEADING--TOPICAL TERM
- Topical term or geographic name entry element: Interacting galaxies
670 ## - SOURCE DATA FOUND
- Source citation: Work cat.: (OSt): International Conference on Dynamics and Interactions of Galaxies Heidelberg, Germany 1989 29 May - 2 June 16733, Dynamics and interactions of galaxies, 1990